The civilization of China
The civilization of China: the feudal age, law and government, religion and superstition,...
Đã lưu trong:
| Tác giả chính: | |
|---|---|
| Định dạng: | Sách |
| Ngôn ngữ: | Undetermined |
| Được phát hành: |
London
Williams and Norgate
1919
|
| Những chủ đề: | |
| Các nhãn: |
Thêm thẻ
Không có thẻ, Là người đầu tiên thẻ bản ghi này!
|
| Thư viện lưu trữ: | Trung tâm Học liệu Trường Đại học Cần Thơ |
|---|
| LEADER | 00628nam a2200205Ia 4500 | ||
|---|---|---|---|
| 001 | CTU_218207 | ||
| 008 | 210402s9999 xx 000 0 und d | ||
| 082 | |a 951 | ||
| 082 | |b G472 | ||
| 100 | |a Giles, Herbert A. | ||
| 245 | 4 | |a The civilization of China | |
| 245 | 0 | |c Herbert A. Giles | |
| 260 | |a London | ||
| 260 | |b Williams and Norgate | ||
| 260 | |c 1919 | ||
| 520 | |a The civilization of China: the feudal age, law and government, religion and superstition,... | ||
| 650 | |a Civilization,Nền văn minh | ||
| 650 | |z China,Trung Hoa | ||
| 904 | |i Trúc | ||
| 980 | |a Trung tâm Học liệu Trường Đại học Cần Thơ | ||